|
|
|
|
| LEADER |
00000nab a2200000 a 4500 |
| 001 |
vtls000470975 |
| 003 |
SK-MaSNL |
| 005 |
20260304075542.0 |
| 008 |
120926c1992 xo 0 slo |
| 015 |
|
|
|a SNBRB19rr/mm-uuuuu
|
| 035 |
|
|
|a CL0471108
|
| 040 |
|
|
|a SNKBUCL
|b slo
|c SNKBUCL
|e AACR2
|
| 041 |
0 |
|
|a slo
|
| 044 |
|
|
|a xo
|c SK
|
| 080 |
|
|
|a 73/76(450):069.5
|2 1981
|
| 080 |
|
|
|a 069.5
|2 1981
|
| 080 |
|
|
|a 069.6.02
|2 1981
|
| 080 |
|
|
|a 73/77
|2 1981
|
| 100 |
1 |
|
|a Campesan, Sara
|4 aut
|9 1366052
|
| 245 |
1 |
0 |
|a Benátski štrukturalisti v Považskej galérii umenia
|c Sara Campesan, Sofia Gobbo, Katarína Rusnáková ; Daniela Špániková
|
| 300 |
|
|
|b Fot. 2.
|
| 610 |
2 |
7 |
|a Považská galéria umenia
|2 snkbucl
|9 253316
|
| 650 |
0 |
7 |
|a výtvarné umenie
|2 snkbucl
|9 723
|
| 650 |
0 |
7 |
|a Verifica 8+1, Benátky (asociácia kultúrna)
|2 snkbucl
|9 1366053
|
| 655 |
|
7 |
|a články z novín a časopisov
|2 snkbucl
|9 267496
|
| 700 |
1 |
|
|a Gobbo, Sofia
|4 aut
|9 1366054
|
| 700 |
1 |
|
|a Rusnáková, Katarína,
|d 1959-
|4 aut
|9 199879
|
| 700 |
1 |
|
|a Špániková, Daniela
|4 trl
|9 8194
|
| 773 |
0 |
|
|t Profil
|g Roč. 2, č. 16-17 (1992), s. 6-7
|
| 850 |
|
|
|a Slovenská národná knižnica v Martine
|a MTA001
|
| 852 |
|
|
|a SNK
|b KIS3GCP
|
| 958 |
|
|
|a RK
|
| 992 |
|
|
|a RBX
|
| 999 |
|
|
|c 2782017
|d 2783947
|